<?xml version="1.0" encoding="UTF-8"?>
<record
    xmlns:xsi="http://www.w3.org/2001/XMLSchema-instance"
    xsi:schemaLocation="http://www.loc.gov/MARC21/slim http://www.loc.gov/standards/marcxml/schema/MARC21slim.xsd"
    xmlns="http://www.loc.gov/MARC21/slim">

  <leader>03179cam a22004337a 4500</leader>
  <controlfield tag="001">16116252</controlfield>
  <controlfield tag="005">20220326193315.0</controlfield>
  <controlfield tag="008">100303r20102010nyua     bc   000 0 eng c</controlfield>
  <datafield tag="010" ind1=" " ind2=" ">
    <subfield code="a">  2010923880</subfield>
  </datafield>
  <datafield tag="020" ind1=" " ind2=" ">
    <subfield code="a">9780870707902</subfield>
  </datafield>
  <datafield tag="020" ind1=" " ind2=" ">
    <subfield code="a">0870707906</subfield>
  </datafield>
  <datafield tag="020" ind1=" " ind2=" ">
    <subfield code="a">9781854378408</subfield>
  </datafield>
  <datafield tag="020" ind1=" " ind2=" ">
    <subfield code="a">1854378406</subfield>
  </datafield>
  <datafield tag="035" ind1=" " ind2=" ">
    <subfield code="a">(OCoLC)ocn609541363</subfield>
  </datafield>
  <datafield tag="040" ind1=" " ind2=" ">
    <subfield code="a">BTCTA</subfield>
    <subfield code="b">eng</subfield>
    <subfield code="c">BTCTA</subfield>
    <subfield code="d">YDXCP</subfield>
    <subfield code="d">NPL</subfield>
    <subfield code="d">OSU</subfield>
    <subfield code="d">TXA</subfield>
    <subfield code="d">CDX</subfield>
    <subfield code="d">VP@</subfield>
    <subfield code="d">DEBSZ</subfield>
    <subfield code="d">ISBBC</subfield>
    <subfield code="d">CUY</subfield>
    <subfield code="d">MUU</subfield>
    <subfield code="d">GYG</subfield>
    <subfield code="d">OCLCA</subfield>
    <subfield code="d">OCLCF</subfield>
    <subfield code="d">DLC</subfield>
  </datafield>
  <datafield tag="042" ind1=" " ind2=" ">
    <subfield code="a">pcc</subfield>
  </datafield>
  <datafield tag="082" ind1=" " ind2=" ">
    <subfield code="a">708</subfield>
    <subfield code="b">A461a</subfield>
  </datafield>
  <datafield tag="100" ind1="1" ind2=" ">
    <subfield code="a">Al&#xFF;s, Francis,</subfield>
    <subfield code="d">1959-</subfield>
    <subfield code="9">2289</subfield>
  </datafield>
  <datafield tag="245" ind1="1" ind2="0">
    <subfield code="a">Francis Al&#xFF;s :</subfield>
    <subfield code="b">a story of deception /</subfield>
    <subfield code="c">edited by Mark Godfrey, Klaus Biesenbach and Kerryn Greenberg.</subfield>
  </datafield>
  <datafield tag="246" ind1="1" ind2="0">
    <subfield code="a">Story of deception</subfield>
  </datafield>
  <datafield tag="260" ind1=" " ind2=" ">
    <subfield code="a">New York :</subfield>
    <subfield code="b">Museum of Modern Art :</subfield>
    <subfield code="b">Distributed in North America by D.A.P.,</subfield>
    <subfield code="c">c2010.</subfield>
  </datafield>
  <datafield tag="300" ind1=" " ind2=" ">
    <subfield code="a">199 p. :</subfield>
    <subfield code="b">col. ill. ;</subfield>
    <subfield code="c">25 cm.</subfield>
  </datafield>
  <datafield tag="500" ind1=" " ind2=" ">
    <subfield code="a">Published  on the occasion of the exhibition held June 15-Sept. 5, 2010, Tate Modern, London ; Oct. 9, 2010--Jan. 30, 2011, Wiels, Brussels ; May 8-Aug. 1, 2011, The Museum of Modern Art, New York.</subfield>
  </datafield>
  <datafield tag="500" ind1=" " ind2=" ">
    <subfield code="a">First published 2010 by Tate Publishing, London.</subfield>
  </datafield>
  <datafield tag="504" ind1=" " ind2=" ">
    <subfield code="a">Includes bibliographical references.</subfield>
  </datafield>
  <datafield tag="505" ind1="0" ind2=" ">
    <subfield code="a">Politics/poetics : the work of Francis Al&#xFF;s / Mark Godfrey -- Francis Al&#xFF;s : A to Z / compiled by Klaus Bissenbach and Cara Starke -- Entries / Francis Al&#xFF;s and Cuauht&#xE9;moc Medina -- The moment something is understood it begins to be forgotten /</subfield>
    <subfield code="r">Eduardo Abaroa --</subfield>
    <subfield code="t">Trips and traps /</subfield>
    <subfield code="r">Tom McDonough --</subfield>
    <subfield code="t">The 1:1 map /</subfield>
    <subfield code="r">Eyal Weizman --</subfield>
    <subfield code="t">Vanishing mediator /</subfield>
    <subfield code="r">T.J. Demos --</subfield>
    <subfield code="t">Dogs and the city /</subfield>
    <subfield code="r">Miwon Kwon --</subfield>
    <subfield code="t">The storyteller /</subfield>
    <subfield code="r">Francesco Cateri --</subfield>
    <subfield code="t">Bolero (Shoeshine blues) /</subfield>
    <subfield code="t">Carla Faesler --</subfield>
    <subfield code="t">Becoming other to be oneself : Francis Al&#xFF;s inside the borderline /</subfield>
    <subfield code="r">Laymert Garcia dos Santos --</subfield>
    <subfield code="t">How to do time with art /</subfield>
    <subfield code="r">Boris Groys --</subfield>
    <subfield code="t">Where sculpture happens /</subfield>
    <subfield code="r">Lorna Scott Fox.</subfield>
  </datafield>
  <datafield tag="520" ind1=" " ind2=" ">
    <subfield code="a">Francis Alys, born in Belgium in 1959, is one of the world's leading contemporary artists. After studying architecture in Venice, in 1986 he moved to Mexico City, where he has lived ever since. Alys works at scales ranging from the humblest drawing to the creation of epic events involving hundreds of participants, in media including video, photography, painting and performance. With an introductory essay by Mark Godfrey and comments on over sixty key works by Alys and Cuauhtemoc Medina, this book features a dictionary of quotes from the artist as well as responses to his work from a range of international contributors, including artists, critics, poets and urban theorists. --Book Jacket.</subfield>
  </datafield>
  <datafield tag="600" ind1="1" ind2="0">
    <subfield code="a">Al&#xFF;s, Francis,</subfield>
    <subfield code="d">1959-</subfield>
    <subfield code="v">Exhibitions.</subfield>
    <subfield code="9">1409</subfield>
  </datafield>
  <datafield tag="600" ind1="1" ind2="7">
    <subfield code="a">Al&#xFF;s, Francis,</subfield>
    <subfield code="d">1959-</subfield>
    <subfield code="2">fast</subfield>
    <subfield code="9">2290</subfield>
  </datafield>
  <datafield tag="655" ind1=" " ind2="7">
    <subfield code="a">Exhibition catalogs.</subfield>
    <subfield code="2">fast</subfield>
    <subfield code="9">2291</subfield>
  </datafield>
  <datafield tag="700" ind1="1" ind2=" ">
    <subfield code="a">Godfrey, Mark</subfield>
    <subfield code="q">(Mark Benjamin)</subfield>
    <subfield code="9">2292</subfield>
  </datafield>
  <datafield tag="700" ind1="1" ind2=" ">
    <subfield code="a">Biesenbach, Klaus Peter,</subfield>
    <subfield code="d">1954-</subfield>
    <subfield code="9">2293</subfield>
  </datafield>
  <datafield tag="700" ind1="1" ind2=" ">
    <subfield code="a">Greenberg, Kerryn.</subfield>
    <subfield code="9">2294</subfield>
  </datafield>
  <datafield tag="710" ind1="2" ind2=" ">
    <subfield code="a">Tate Modern (Gallery)</subfield>
    <subfield code="9">1658</subfield>
  </datafield>
  <datafield tag="710" ind1="2" ind2=" ">
    <subfield code="a">Wiels (Gallery : Brussels, Belgium)</subfield>
    <subfield code="9">2295</subfield>
  </datafield>
  <datafield tag="710" ind1="2" ind2=" ">
    <subfield code="a">Museum of Modern Art (New York, N.Y.)</subfield>
    <subfield code="9">94</subfield>
  </datafield>
  <datafield tag="906" ind1=" " ind2=" ">
    <subfield code="a">7</subfield>
    <subfield code="b">cbc</subfield>
    <subfield code="c">orignew</subfield>
    <subfield code="d">2</subfield>
    <subfield code="e">epcn</subfield>
    <subfield code="f">20</subfield>
    <subfield code="g">y-gencatlg</subfield>
  </datafield>
  <datafield tag="999" ind1=" " ind2=" ">
    <subfield code="c">482</subfield>
    <subfield code="d">482</subfield>
  </datafield>
  <datafield tag="952" ind1=" " ind2=" ">
    <subfield code="0">0</subfield>
    <subfield code="1">0</subfield>
    <subfield code="2">ddc</subfield>
    <subfield code="4">0</subfield>
    <subfield code="7">0</subfield>
    <subfield code="a">LV</subfield>
    <subfield code="b">LV</subfield>
    <subfield code="c">Monograf&#xED;as</subfield>
    <subfield code="d">2015-03-25</subfield>
    <subfield code="l">0</subfield>
    <subfield code="o">708 A461a</subfield>
    <subfield code="p">000565</subfield>
    <subfield code="r">2015-03-25 00:00:00</subfield>
    <subfield code="w">2015-03-25</subfield>
    <subfield code="y">01</subfield>
  </datafield>
</record>
